| 000 | 00557nam a2200145Ia 4500 | ||
|---|---|---|---|
| 008 | 250506s9999 xx 000 0 und d | ||
| 024 | _a16B-094-SE, 16B-030-SE, 16B-102-SE & 16B-087-SE | ||
| 082 | _a005.258072 MIR | ||
| 100 | _aMir Osama Sultan, Ayesha Jamal Hashmi, Amna Iqbal & Syeda Yamna Zahid | ||
| 245 | 0 | _aSHIPEASE | |
| 260 |
_aKarachi: _bUIT, _c2016 |
||
| 600 | _aSoftware Engineering | ||
| 650 | _aBachelor of Computer Science (BS) | ||
| 856 |
_uhttps://drive.google.com/file/d/1JGQI951Sn2qnRLFanI30WUUGienqohJV/view?usp=sharing _yClick here for PDF |
||
| 999 |
_c28914 _d28914 |
||